Statistics for The Smiths Songs

Click here to take the quiz!

General Stats

  • This quiz has been taken 987 times
    (368 since last reset)
  • The average score is 34 of 65

Answer Stats

Hint Answer % Correct
The Queen Is DeadThe Queen Is Dead
91%
The SmithsThis Charming Man
91%
Meat Is MurderMeat Is Murder
88%
The Queen Is DeadThere Is a Light That Never Goes Out
86%
The Queen Is DeadFrankly, Mr. Shankly
79%
The Queen Is DeadBigmouth Strikes Again
77%
Louder Than BombsPanic
74%
Louder Than BombsAsk
73%
The Queen Is DeadCemetry Gates
72%
Meat Is MurderHow Soon Is Now?
72%
The Queen Is DeadSome Girls Are Bigger Than Others
71%
The SmithsReel Around the Fountain
71%
The SmithsHand in Glove
71%
The Queen Is DeadI Know It's Over
70%
Meat Is MurderThe Headmaster Ritual
69%
Strangeways, Here We ComeGirlfriend in a Coma
69%
The Queen Is DeadVicar in a Tutu
65%
The Queen Is DeadThe Boy With the Thorn in His Side
65%
Louder Than BombsHeaven Knows I'm Miserable Now
63%
Louder Than BombsWilliam, It Was Really Nothing
60%
The SmithsWhat Difference Does It Make?
60%
The SmithsStill Ill
60%
Louder Than BombsPlease, Please, Please, Let Me Get What I Want
60%
The SmithsSuffer Little Children
56%
Meat Is MurderBarbarism Begins at Home
56%
Strangeways, Here We ComeStop Me If You Think You've Heard This One Before
55%
Louder Than BombsAsleep
55%
Meat Is MurderRusholme Ruffians
54%
Strangeways, Here We ComeLast Night I Dreamt That Somebody Loved Me
53%
Louder Than BombsShoplifters of the World Unite
52%
Meat Is MurderThat Joke Isn't Funny Anymore
52%
The Queen Is DeadNever Had No One Ever
51%
Strangeways, Here We ComeA Rush and a Push and the Land Is Ours
49%
Louder Than BombsSheila Take a Bow
49%
Louder Than BombsLondon
47%
The SmithsMiserable Lie
46%
The SmithsPretty Girls Make Graves
45%
Strangeways, Here We ComeUnhappy Birthday
44%
Meat Is MurderNowhere Fast
42%
Louder Than BombsOscillate Wildly
42%
Louder Than BombsRubber Ring
41%
Louder Than BombsBack to the Old House
40%
Louder Than BombsShakespeare's Sister
40%
Louder Than BombsHalf a Person
40%
Strangeways, Here We ComeDeath of a Disco Dancer
39%
Meat Is MurderI Want The One I Can't Have
39%
Louder Than BombsGolden Lights
38%
Meat Is MurderWell I Wonder
38%
Strangeways, Here We ComeI Started Something I Couldn't Finish
37%
Strangeways, Here We ComeI Won't Share You
36%
Strangeways, Here We ComePaint a Vulgar Picture
36%
Meat Is MurderWhat She Said
36%
The SmithsThe Hand That Rocks The Cradle
35%
Louder Than BombsGirl Afraid
35%
The SmithsYou've Got Everything Now
34%
Louder Than BombsThese Things Take Time
31%
Louder Than BombsUnloveable
31%
Louder Than BombsSweet and Tender Hooligan
31%
The SmithsI Don't Owe You Anything
29%
Strangeways, Here We ComeDeath at One's Elbow
28%
Louder Than BombsYou Just Haven't Earned It Yet, Baby
28%
Louder Than BombsIs It Really So Strange?
28%
Louder Than BombsThis Night Has Opened My Eyes
27%
Louder Than BombsStretch Out and Wait
22%

Score Distribution

Percentile by Number Answered

Percent of People with Each Score

Your Score History

You have not taken this quiz since the last reset